| 000 | 01136nam0a22002771 4500 | ||
|---|---|---|---|
| 001 | rc\328440 | ||
| 005 | 20030307122507.7 | ||
| 035 | _a(NLR Aleph) 005562147 | ||
| 090 |
_a5922868 _c5922868 |
||
| 100 | _a20030307d1989 u |0rusy50 ca | ||
| 101 | 0 | _arus | |
| 102 | _aRU | ||
| 105 | _aa ||||||||| | ||
| 200 | 1 |
_aВлияние пространственной неоднородности лазерного излучения на резонансное нелинейное смешение частот в газах _fВ.Г. Архипкин, И.А. Китаева, А.К. Попов |
|
| 210 |
_aКрасноярск _cИФ _d1989 |
||
| 215 |
_a23 с. _cил. _d21 |
||
| 225 | 1 |
_aПрепринт _fАН СССР, Сиб. отд-ние, Ин-т физики им. Л.В. Киренского _v№ 580Ф |
|
| 320 | _aБиблиогр.: с. 13-14 (14 назв.) | ||
| 700 | 1 |
_aАрхипкин _bВ. Г. _gВиктор Григорьевич |
|
| 701 | 1 |
_aКитаева _bИ. А. |
|
| 701 | 1 |
_aПопов _bА. К. |
|
| 801 | 0 |
_aRU _bNLR _gpsbo |
|
| 801 | 1 |
_aRU _bELAR _2rusmarc |
|
| 852 |
_aNLR _j89-4/15957 |
||
| 942 | _cBOOK | ||
| 980 | _aNB | ||